[Event "Titled Tue 10th Jun Late"]
[Site "chess.com INT"]
[Date "2025.06.10"]
[Round "4"]
[White "Venkatesh, Narayan"]
[Black "Nita, Lucian"]
[Result "1-0"]
[WhiteTitle "FM"]
[WhiteElo "2168"]
[BlackElo "2143"]
[WhiteFideId "30987881"]
[BlackFideId "1206923"]
[EventDate "2025.06.10"]

1. g3 d6 2. Bg2 e5 3. c4 Nf6 4. Nc3 Be7 5. d3 O-O 6. Nf3 c6 7. O-O Nbd7 8. b4 a6
9. Rb1 Qc7 10. a4 Rb8 11. b5 axb5 12. axb5 c5 13. Nd2 b6 14. Nde4 Nxe4 15. Bxe4
Nf6 16. Bg2 Bb7 17. Bg5 Bxg2 18. Kxg2 Ne8 19. Nd5 Qb7 20. Bxe7 f6 21. Bxf8 Kxf8
22. e4 1-0

[Event "Titled Tue 10th Jun Late"]
[Site "chess.com INT"]
[Date "2025.06.10"]
[Round "4"]
[White "Klevansky, Aron"]
[Black "Li, Eric 2007"]
[Result "0-1"]
[WhiteTitle "CM"]
[BlackTitle "IM"]
[WhiteElo "1930"]
[BlackElo "2372"]
[WhiteFideId "14313332"]
[BlackFideId "30939941"]
[EventDate "2025.06.10"]

1. d4 Nf6 2. Nc3 d5 3. Bg5 c5 4. e3 Nc6 5. Nf3 Bg4 6. h3 Bh5 7. Be2 e6 8. O-O
Be7 9. Ne5 Bxe2 10. Qxe2 cxd4 11. Nxc6 bxc6 12. exd4 O-O 13. Na4 Qa5 14. Bxf6
Bxf6 15. b3 Bxd4 0-1

[Event "Titled Tue 10th Jun Late"]
[Site "chess.com INT"]
[Date "2025.06.10"]
[Round "4"]
[White "Diaz Cesar, Wilsaida Pieranlly"]
[Black "Mesquita, Eduardo Barbosa"]
[Result "0-1"]
[WhiteTitle "WFM"]
[WhiteElo "1890"]
[BlackElo "2014"]
[WhiteFideId "6403557"]
[BlackFideId "22757163"]
[EventDate "2025.06.10"]

1. e4 c5 2. Nf3 d6 3. c3 Nf6 4. Be2 Nc6 5. d4 cxd4 6. cxd4 Nxe4 7. d5 Qa5+ 8.
Nc3 Nxc3 9. bxc3 Ne5 10. O-O g6 11. Be3 Bg7 12. Nd4 O-O 13. Qb3 Bd7 14. f4 Ng4
15. Bxg4 Bxg4 16. Qxb7 Qxc3 17. Qb3 Bxd4 18. Qxc3 Bxc3 0-1

[Event "Titled Tue 10th Jun Late"]
[Site "chess.com INT"]
[Date "2025.06.10"]
[Round "4"]
[White "Ermachenko, Manuel"]
[Black "Daspres, Loic"]
[Result "1-0"]
[WhiteTitle "CM"]
[BlackTitle "CM"]
[WhiteElo "2277"]
[BlackElo "2207"]
[WhiteFideId "24560952"]
[BlackFideId "20612281"]
[EventDate "2025.06.10"]

1. e4 c5 2. Nf3 e6 3. d4 cxd4 4. Nxd4 Nf6 5. Nc3 Nc6 6. Nxc6 bxc6 7. e5 Nd5 8.
Ne4 Qc7 9. f4 Qb6 10. c4 Bb4+ 11. Ke2 f5 12. exf6 Nxf6 13. Be3 Qa5 14. Nxf6+
gxf6 15. Kf2 Bb7 16. a3 Bc5 17. Qh5+ 1-0

[Event "Titled Tue 10th Jun Late"]
[Site "chess.com INT"]
[Date "2025.06.10"]
[Round "4"]
[White "Zieba, Hubert"]
[Black "Maghsoodloo, Parham"]
[Result "0-1"]
[WhiteTitle "CM"]
[BlackTitle "GM"]
[WhiteElo "2233"]
[BlackElo "2691"]
[WhiteFideId "21844704"]
[BlackFideId "12539929"]
[EventDate "2025.06.10"]

1. d4 Nf6 2. c4 e6 3. g3 d5 4. Bg2 Bb4+ 5. Bd2 Be7 6. Nf3 O-O 7. O-O c6 8. Bc3
b6 9. Nbd2 a5 10. Qc2 Ba6 11. Ne5 Nfd7 12. Nxd7 Nxd7 13. b3 b5 14. c5 b4 15. Bb2
Bxe2 16. Rfe1 Bh5 17. a3 Bg6 18. Qc1 e5 19. axb4 axb4 20. Nf3 e4 21. Nd2 f5 22.
Rxa8 Qxa8 23. Qa1 Bf6 24. Qxa8 Rxa8 25. Ra1 Rxa1+ 26. Bxa1 Nxc5 0-1

[Event "Titled Tue 10th Jun Late"]
[Site "chess.com INT"]
[Date "2025.06.10"]
[Round "4"]
[White "Bortnyk, Olexandr"]
[Black "Beerdsen, Thomas"]
[Result "1-0"]
[WhiteTitle "GM"]
[BlackTitle "GM"]
[WhiteElo "2601"]
[BlackElo "2538"]
[WhiteFideId "14120828"]
[BlackFideId "1030108"]
[EventDate "2025.06.10"]

1. d4 d5 2. Nc3 Nf6 3. Bf4 e6 4. Nb5 Na6 5. e3 c6 6. Nc3 c5 7. Bxa6 bxa6 8. Nf3
Be7 9. O-O O-O 10. Re1 a5 11. h3 Ba6 12. dxc5 Bxc5 13. Bg5 Be7 14. e4 dxe4 15.
Nxe4 Nxe4 16. Bxe7 Qxe7 17. Rxe4 Bb7 18. Re3 Bd5 19. Qxd5 Rfd8 20. Qxa5 Rd6 21.
c4 Rad8 22. c5 Rd5 23. b4 g5 24. Re5 h5 25. Rxd5 Rxd5 26. Qa3 g4 27. hxg4 hxg4
28. Nh2 Qf6 29. Re1 Rh5 30. Qg3 Qh8 31. Qb8+ 1-0

[Event "Titled Tue 10th Jun Late"]
[Site "chess.com INT"]
[Date "2025.06.10"]
[Round "4"]
[White "Maklakova, Nellija"]
[Black "Marino Bravo, Miguel Angel"]
[Result "0-1"]
[BlackTitle "CM"]
[WhiteElo "1924"]
[BlackElo "2134"]
[WhiteFideId "11603470"]
[BlackFideId "2208970"]
[EventDate "2025.06.10"]

1. d4 d5 2. Nf3 Bf5 3. g3 e6 4. Bg2 Nf6 5. O-O Bd6 6. Nh4 Bg4 7. f3 Bh5 8. Bh3
O-O 9. Nc3 c5 10. Be3 cxd4 11. Bxd4 Nc6 12. Bf2 g5 13. g4 gxh4 14. gxh5 Nxh5 15.
Qe1 Qg5+ 16. Kh1 Qf4 17. Rg1+ Kh8 18. Rg2 Rg8 19. e3 Qxf3 20. Bxh4 Qxh3 21. Re2
Qf3+ 0-1

[Event "Titled Tue 10th Jun Late"]
[Site "chess.com INT"]
[Date "2025.06.10"]
[Round "4"]
[White "Xiong, Jeffery"]
[Black "Manukyan, Sargis A."]
[Result "1-0"]
[WhiteTitle "GM"]
[BlackTitle "FM"]
[WhiteElo "2639"]
[BlackElo "2294"]
[WhiteFideId "2047640"]
[BlackFideId "13303970"]
[EventDate "2025.06.10"]

1. e4 c5 2. Nf3 d6 3. Nc3 Nf6 4. d4 cxd4 5. Qxd4 Nc6 6. Qd3 g6 7. Nd5 Bg7 8. c3
O-O 9. Bg5 h6 10. Nxf6+ exf6 11. Be3 Ne5 12. Nxe5 dxe5 13. Qxd8 Rxd8 14. Bc4 f5
15. f3 Be6 16. Bxe6 fxe6 17. Ke2 f4 18. Bf2 Kf7 19. Rhd1 b6 20. a4 Bf8 21. Rxd8
Rxd8 22. a5 Bc5 23. axb6 Bxf2 24. Rxa7+ Kf6 25. Kxf2 Rd2+ 26. Ke1 Rxb2 27. b7 g5
28. c4 Kg6 29. c5 Kh5 30. c6 Kh4 31. c7 h5 32. c8=Q 1-0

[Event "Titled Tue 10th Jun Late"]
[Site "chess.com INT"]
[Date "2025.06.10"]
[Round "4"]
[White "Miserendino, Alfredo"]
[Black "Quinones Garcia, Santiago"]
[Result "0-1"]
[BlackTitle "FM"]
[WhiteElo "2032"]
[BlackElo "2259"]
[WhiteFideId "101800"]
[BlackFideId "4408497"]
[EventDate "2025.06.10"]

1. e4 e6 2. d4 d5 3. Nc3 Nf6 4. Bg5 Be7 5. e5 Nfd7 6. Bxe7 Qxe7 7. f4 a6 8. Nf3
c5 9. Qd2 Nc6 10. O-O-O O-O 11. f5 b5 12. f6 gxf6 13. exf6 Qxf6 14. dxc5 Nxc5
15. Kb1 b4 16. Ne2 Rb8 17. Ng3 Na4 18. Nd4 Nc3+ 19. Ka1 Nxd1 20. Nxc6 Qxb2# 0-1

[Event "Titled Tue 10th Jun Late"]
[Site "chess.com INT"]
[Date "2025.06.10"]
[Round "4"]
[White "Wu, Rochelle"]
[Black "Gattani, Sarthak"]
[Result "0-1"]
[WhiteTitle "FM"]
[WhiteElo "2211"]
[BlackElo "1944"]
[WhiteFideId "30908132"]
[BlackFideId "30995965"]
[EventDate "2025.06.10"]

1. d4 d5 2. Nf3 Nf6 3. Bf4 c5 4. e3 Nc6 5. Nbd2 cxd4 6. exd4 Bf5 7. c3 e6 8. Qb3
Bd6 9. Ne5 Qc7 10. Ndf3 O-O 11. Bg3 Nd7 12. Nxd7 Qxd7 13. Bb5 a6 14. Bxc6 Qxc6
15. Bxd6 Qxd6 16. O-O b5 17. Rfe1 h6 18. Qd1 Bg4 19. h3 Bxf3 20. Qxf3 Rab8 21.
Re5 b4 22. Qd3 Rfc8 23. Rae1 bxc3 24. bxc3 Qc6 25. R1e3 Qc4 26. Qd2 Rb1+ 27. Kh2
Qf1 28. Rf3 Qh1+ 29. Kg3 Rg1 0-1

[Event "Titled Tue 10th Jun Late"]
[Site "chess.com INT"]
[Date "2025.06.10"]
[Round "4"]
[White "Lazaro Azcutia, Miguel"]
[Black "Leon Acevedo, Juan Alejandro"]
[Result "1-0"]
[WhiteTitle "CM"]
[BlackTitle "CM"]
[WhiteElo "2275"]
[BlackElo "2008"]
[WhiteFideId "54538254"]
[BlackFideId "4459261"]
[EventDate "2025.06.10"]

1. e4 c5 2. Nf3 Nc6 3. d4 cxd4 4. Nxd4 Nf6 5. Nc3 e5 6. Ndb5 d6 7. Bg5 a6 8. Na3
b5 9. Nd5 Be7 10. Bxf6 Bxf6 11. c3 Rb8 12. Nc2 Bg5 13. Be2 O-O 14. O-O Be6 15.
Ncb4 Nxb4 16. Nxb4 Rb6 17. Nd5 Rb7 18. b4 Bxd5 19. Qxd5 Qc7 20. a4 Qxc3 21. Qxb7
Qxb4 22. axb5 axb5 23. Bxb5 1-0

[Event "Titled Tue 10th Jun Late"]
[Site "chess.com INT"]
[Date "2025.06.10"]
[Round "4"]
[White "Dambaev, Dashi"]
[Black "Papacek, Stepan"]
[Result "1-0"]
[WhiteTitle "CM"]
[BlackTitle "FM"]
[WhiteElo "2211"]
[BlackElo "2225"]
[WhiteFideId "55628494"]
[BlackFideId "301035"]
[EventDate "2025.06.10"]

1. d4 e6 2. c4 d5 3. Nf3 Nf6 4. Nc3 a6 5. e3 c5 6. cxd5 Nxd5 7. Bd3 Nc6 8. O-O
cxd4 9. exd4 Be7 10. Re1 O-O 11. a3 Nxc3 12. bxc3 b5 13. Qe2 Bb7 14. Qe4 g6 15.
Qf4 Bf6 16. h4 Ne7 17. Qxf6 1-0

[Event "Titled Tue 10th Jun Late"]
[Site "chess.com INT"]
[Date "2025.06.10"]
[Round "4"]
[White "Barseghyan, Armen Ar."]
[Black "Cigan, Jason"]
[Result "1-0"]
[WhiteTitle "IM"]
[WhiteElo "2348"]
[BlackElo "2123"]
[WhiteFideId "13306707"]
[BlackFideId "2064022"]
[EventDate "2025.06.10"]

1. Nf3 d5 2. d4 Nf6 3. c4 e6 4. Nc3 c5 5. cxd5 cxd4 6. Qxd4 exd5 7. e3 Nc6 8.
Bb5 Bd6 9. O-O O-O 10. Bxc6 bxc6 11. b3 a5 12. Na4 Ba6 13. Rd1 Qe7 14. Bb2 Rfc8
15. Rac1 Rab8 16. Nc5 Bxc5 17. Qxc5 Qxc5 18. Rxc5 Ne4 19. Rxa5 Be2 20. Rc1 Bxf3
21. gxf3 Ng5 22. Kg2 h5 23. Be5 Ra8 24. Rxa8 Rxa8 25. a4 f6 26. Bf4 Ne6 27. Rxc6
Kf7 28. Bd6 d4 29. exd4 Nxd4 30. Rb6 Rc8 31. a5 Rc1 32. a6 Ra1 33. h4 g5 34.
hxg5 fxg5 35. Be5 Ne2 36. Bxa1 1-0

[Event "Titled Tue 10th Jun Late"]
[Site "chess.com INT"]
[Date "2025.06.10"]
[Round "4"]
[White "Marchesich, Giovanni"]
[Black "Ferraz, Michel Liah"]
[Result "0-1"]
[WhiteTitle "CM"]
[WhiteElo "2189"]
[BlackElo "2007"]
[WhiteFideId "2824790"]
[BlackFideId "22743219"]
[EventDate "2025.06.10"]

1. h3 d5 2. Nf3 Nf6 3. d3 c5 4. Nbd2 Nc6 5. e4 e6 6. Be2 Be7 7. O-O O-O 8. Re1
b5 9. c3 Bb7 10. Bf1 a5 11. Qc2 b4 12. e5 Nd7 13. d4 cxd4 14. cxd4 Qb6 15. Qd3
a4 16. Qe3 Rfc8 17. Bd3 Nf8 18. Nf1 Ba6 19. Ng3 Bxd3 20. Qxd3 b3 21. a3 Na5 22.
Bg5 Bxg5 23. Nxg5 Nc4 24. Re2 Rc7 25. f4 g6 26. h4 Rac8 27. Rf1 Na5 28. h5 Rc2
29. hxg6 fxg6 30. Kh2 R8c4 31. Nf3 Rxe2 32. Nxe2 Rc2 33. g4 Rxb2 34. f5 Qc6 35.
fxg6 Nxg6 36. Ng5 Qc2 37. Qxc2 Rxc2 38. Rf2 b2 39. Nxe6 b1=Q 0-1

[Event "Titled Tue 10th Jun Late"]
[Site "chess.com INT"]
[Date "2025.06.10"]
[Round "4"]
[White "Oksendal, Martin"]
[Black "Atanasov, Anthony"]
[Result "0-1"]
[WhiteTitle "FM"]
[BlackTitle "IM"]
[WhiteElo "2235"]
[BlackElo "2417"]
[WhiteFideId "1554107"]
[BlackFideId "2623897"]
[EventDate "2025.06.10"]

1. e4 e5 2. Nf3 Nf6 3. Nxe5 d6 4. Nf3 Nxe4 5. d4 d5 6. Bd3 Bd6 7. O-O O-O 8. c4
c6 9. Nc3 Nxc3 10. bxc3 dxc4 11. Bxc4 Bf5 12. Bg5 Qa5 13. Nh4 Be6 14. Bxe6 Qxg5
15. Nf3 Qa5 16. Qb3 Qc7 17. Bh3 Nd7 18. Rab1 b6 19. a4 Nf6 20. Rfe1 g6 21. g3
Kg7 22. Bg2 Rae8 23. Nd2 c5 24. Nc4 cxd4 25. cxd4 h5 26. Rec1 Qd8 27. Qb5 h4 28.
a5 hxg3 29. hxg3 Bxg3 30. fxg3 Qxd4+ 31. Kf1 Ng4 32. Qb2 Nh2# 0-1

[Event "Titled Tue 10th Jun Late"]
[Site "chess.com INT"]
[Date "2025.06.10"]
[Round "4"]
[White "Md Abu Hanif"]
[Black "Paszewski, Mateusz"]
[Result "0-1"]
[WhiteTitle "CM"]
[BlackTitle "FM"]
[WhiteElo "2100"]
[BlackElo "2361"]
[WhiteFideId "10200835"]
[BlackFideId "1141058"]
[EventDate "2025.06.10"]

1. d4 d5 2. Nf3 Nf6 3. Nbd2 Bf5 4. e3 e6 5. c4 c6 6. Qb3 Qc7 7. Bd3 Bg6 8. O-O
Bd6 9. Qc2 O-O 10. Re1 Bb4 11. a3 Bxd2 12. Bxd2 Bxd3 13. Qxd3 Nbd7 14. Bb4 Rfe8
15. Rac1 a5 16. Bc3 Ne4 17. cxd5 exd5 18. Rc2 Qd6 19. Rec1 Re6 20. Be1 g5 21.
Qb3 Ra7 22. Qa4 Rh6 23. g3 g4 24. Nh4 Ng5 25. b4 Nf3+ 26. Nxf3 gxf3 27. bxa5 Qe6 0-1

[Event "Titled Tue 10th Jun Late"]
[Site "chess.com INT"]
[Date "2025.06.10"]
[Round "4"]
[White "Vila Dupla, Aurelio"]
[Black "Hercegovac, Neven"]
[Result "0-1"]
[WhiteTitle "FM"]
[BlackTitle "FM"]
[WhiteElo "2056"]
[BlackElo "2215"]
[WhiteFideId "2203383"]
[BlackFideId "2839135"]
[EventDate "2025.06.10"]

1. Nf3 a6 2. e4 e6 3. d4 d5 4. e5 c5 5. c3 Bd7 6. a4 Nc6 7. dxc5 Bxc5 8. Bd3
Nge7 9. b4 Ba7 10. O-O Qc7 11. b5 axb5 12. Bxb5 Nxe5 13. Bf4 N7g6 14. Bxd7+ Kxd7
15. Nxe5+ Nxe5 16. Qh5 f6 17. Bxe5 Qxe5 18. Qf7+ Kc6 19. Nd2 Raf8 20. Qe7 Bc5 0-1

[Event "Titled Tue 10th Jun Late"]
[Site "chess.com INT"]
[Date "2025.06.10"]
[Round "4"]
[White "Alvarez, Leandro"]
[Black "Yedidia, Daniel"]
[Result "0-1"]
[WhiteElo "2143"]
[BlackElo "2079"]
[WhiteFideId "132756"]
[BlackFideId "30905907"]
[EventDate "2025.06.10"]

1. e4 e5 2. Nf3 Nc6 3. Bc4 Nf6 4. d3 Be7 5. c3 d6 6. h3 O-O 7. Bb3 Be6 8. Bc2 d5
9. Nbd2 Re8 10. Qe2 d4 11. Bb3 Bxb3 12. Nxb3 dxc3 13. bxc3 Nd7 14. d4 exd4 15.
cxd4 Bb4+ 16. Bd2 a5 17. Bxb4 Nxb4 18. O-O Nf6 19. e5 Nfd5 20. Rad1 b6 21. Rfe1
Nc3 22. Qd2 Nxd1 23. Rxd1 Qd5 24. Qg5 Nxa2 25. Nbd2 Nc3 26. Re1 a4 27. Nf1 Qe6
28. Ng3 Qg6 29. Qd2 Nd5 30. Nh4 Qh6 31. Qxh6 gxh6 32. Nhf5 a3 33. Nxh6+ Kf8 0-1

[Event "Titled Tue 10th Jun Late"]
[Site "chess.com INT"]
[Date "2025.06.10"]
[Round "4"]
[White "Zou, Chen"]
[Black "Graif, William"]
[Result "1-0"]
[WhiteTitle "IM"]
[BlackTitle "FM"]
[WhiteElo "2443"]
[BlackElo "2211"]
[WhiteFideId "8610959"]
[BlackFideId "2609835"]
[EventDate "2025.06.10"]

1. e4 e5 2. Nf3 Bc5 3. c3 d5 4. Nxe5 dxe4 5. d4 exd3 6. Nxd3 Bd6 7. Be2 Nf6 8.
O-O O-O 9. Bf4 Nc6 10. Bxd6 Qxd6 11. Na3 Rd8 12. Qc1 Bf5 13. Rd1 Qe7 14. Bf1 Rd7
15. Qf4 Qe4 16. Qxe4 Nxe4 17. f3 Nd6 18. Nc5 Re7 19. Nb5 Rd8 20. Nxd6 cxd6 21.
Nb3 d5 22. Rd2 Red7 23. Rad1 b6 24. Bb5 Rd6 25. Bxc6 Rxc6 26. Rxd5 Rxd5 27. Rxd5
g6 28. Nd4 Be6 29. Nxc6 Bxd5 30. Ne7+ 1-0

[Event "Titled Tue 10th Jun Late"]
[Site "chess.com INT"]
[Date "2025.06.10"]
[Round "4"]
[White "Saidov, Bilukhadzh"]
[Black "Salman, Ilhan Serhat"]
[Result "1-0"]
[WhiteTitle "FM"]
[WhiteElo "2309"]
[BlackElo "2092"]
[WhiteFideId "34165476"]
[BlackFideId "6361579"]
[EventDate "2025.06.10"]

1. d4 Nf6 2. Nf3 g6 3. Nc3 d5 4. Bg5 Bg7 5. Bxf6 Bxf6 6. e4 dxe4 7. Nxe4 Bg7 8.
Bc4 O-O 9. Qe2 a6 10. O-O-O b5 11. Bb3 Nd7 12. Ne5 Bb7 13. f4 e6 14. h4 Bxe4 15.
Qxe4 Nxe5 16. dxe5 Qe7 17. h5 c5 18. c4 bxc4 19. Bxc4 Rfd8 20. hxg6 hxg6 21. Kc2
Rxd1 22. Rxd1 Rb8 23. Bxa6 Qa7 24. Qc6 Rb4 25. g3 Bf8 26. Rd8 Rb8 27. Rd7 Qa8
28. Qxa8 Rxa8 29. Bc4 Bh6 30. a3 g5 31. f5 exf5 32. Rxf7 Kh8 33. Rxf5 Re8 34.
Bf7 Rd8 35. g4 Rd4 36. e6 Re4 37. Rxc5 Bf8 38. Rxg5 Kh7 39. Bg6+ Kh6 40. Bxe4
Kxg5 41. Bf5 Kf6 42. b4 Bxb4 43. axb4 1-0

[Event "Titled Tue 10th Jun Late"]
[Site "chess.com INT"]
[Date "2025.06.10"]
[Round "4"]
[White "Haug, Havard"]
[Black "Blom, Vincent"]
[Result "1-0"]
[WhiteTitle "FM"]
[BlackTitle "FM"]
[WhiteElo "2354"]
[BlackElo "2230"]
[WhiteFideId "1547887"]
[BlackFideId "1014358"]
[EventDate "2025.06.10"]

1. e4 c6 2. d4 d5 3. Nd2 dxe4 4. Nxe4 Bf5 5. Ng5 Bg6 6. N1f3 h6 7. Ne6 fxe6 8.
Ne5 Bf7 9. Bc4 Nf6 10. O-O Bg8 11. Re1 Nbd7 12. Ng6 Rh7 13. Bd3 h5 14. c3 h4 15.
Nf4 g5 16. Nxe6 Bxe6 17. Rxe6 Rg7 18. Qf3 Qc7 19. Bd2 O-O-O 20. Rae1 Nb6 21. Qf5
Kb8 22. Bxg5 Ka8 23. Bxf6 exf6 24. Qxf6 Qf7 25. Qxd8+ Nc8 26. Qxc8# 1-0

[Event "Titled Tue 10th Jun Late"]
[Site "chess.com INT"]
[Date "2025.06.10"]
[Round "4"]
[White "Thomforde-Toates, Noah"]
[Black "Ferey, Antonin"]
[Result "1-0"]
[BlackTitle "CM"]
[WhiteElo "2128"]
[BlackElo "2238"]
[WhiteFideId "30951992"]
[BlackFideId "36051454"]
[EventDate "2025.06.10"]

1. d4 Nf6 2. Nc3 d5 3. Bf4 a6 4. e3 c5 5. dxc5 e6 6. Nf3 Bxc5 7. Bd3 Nc6 8. O-O
O-O 9. e4 d4 10. Ne2 h6 11. a3 b5 12. Qd2 Qe7 13. e5 Nd5 14. Ng3 Nxf4 15. Qxf4
f5 16. exf6 Qxf6 17. Qe4 Bb7 18. Qh7+ Kf7 19. Nh5 Rh8 20. Nxf6 Rxh7 21. Nxh7 e5
22. Rae1 Re8 23. h4 Bd6 24. h5 Re7 25. Bg6+ Kg8 26. Re2 Na5 27. Rfe1 Bxf3 28.
gxf3 Nc4 29. f4 Nxb2 30. fxe5 Bxa3 31. Re4 Bb4 32. Rxd4 1-0

[Event "Titled Tue 10th Jun Late"]
[Site "chess.com INT"]
[Date "2025.06.10"]
[Round "4"]
[White "Makridis, Dimitrios"]
[Black "Bhatia, Kanishka"]
[Result "1-0"]
[WhiteTitle "FM"]
[BlackTitle "WCM"]
[WhiteElo "2283"]
[BlackElo "1965"]
[WhiteFideId "25864475"]
[BlackFideId "2410095"]
[EventDate "2025.06.10"]

1. e4 e6 2. d4 d5 3. Nc3 dxe4 4. Nxe4 Nd7 5. Nf3 Ngf6 6. Bd3 Nxe4 7. Bxe4 Nf6 8.
Bd3 c5 9. dxc5 Bxc5 10. Qe2 Qc7 11. Bg5 Be7 12. O-O-O O-O 13. h4 b5 14. Bxf6
Qf4+ 15. Kb1 Bxf6 16. Be4 Rb8 17. g3 Qc7 18. g4 Bb7 19. g5 Be7 20. h5 Bxe4 21.
Qxe4 Qb7 22. Qg4 Qc6 23. Ne5 Qc5 24. Nd7 Qxg5 25. Qxg5 Bxg5 26. Nxb8 Rxb8 27.
Rd7 a5 28. c3 g6 29. hxg6 hxg6 30. Kc2 Kg7 31. Rh3 b4 32. Rf3 Bf6 33. c4 a4 34.
b3 axb3+ 35. axb3 Ra8 36. Kd3 Ra3 37. Ke4 Ra2 38. c5 Re2+ 39. Kd3 Re1 40. Kc4
Re4+ 41. Kb5 g5 42. c6 Re5+ 43. Kb6 Re2 44. c7 Rc2 45. Kb7 1-0

[Event "Titled Tue 10th Jun Late"]
[Site "chess.com INT"]
[Date "2025.06.10"]
[Round "4"]
[White "Fichter, Fabian"]
[Black "Achuthan, Aryan"]
[Result "0-1"]
[WhiteTitle "FM"]
[WhiteElo "2235"]
[BlackElo "2087"]
[WhiteFideId "24613258"]
[BlackFideId "30982294"]
[EventDate "2025.06.10"]

1. e4 e5 2. Nf3 Nc6 3. Bb5 f5 4. d3 fxe4 5. dxe4 Nf6 6. O-O Bc5 7. Nc3 d6 8. h3
Be6 9. Bg5 h6 10. Bh4 O-O 11. Qe2 Nd4 12. Nxd4 Bxd4 13. Bc4 Qe7 14. Nd5 Qf7 15.
Nxf6+ gxf6 16. Bxe6 Qxe6 17. c3 Bb6 18. Qh5 Kh7 19. Rad1 f5 20. Qe2 Rg8 21. exf5
Qxf5 22. Rd3 Rg6 23. Rf3 Qe6 24. Qe4 d5 25. Qf5 Qxf5 26. Rxf5 Re8 27. Re1 e4 28.
Bg3 c6 29. h4 Rxg3 0-1

[Event "Titled Tue 10th Jun Late"]
[Site "chess.com INT"]
[Date "2025.06.10"]
[Round "4"]
[White "Panin, Mikhail"]
[Black "Gerbelli Neto, Eduardo"]
[Result "1-0"]
[WhiteTitle "CM"]
[WhiteElo "2255"]
[BlackElo "2114"]
[WhiteFideId "34164992"]
[BlackFideId "2103281"]
[EventDate "2025.06.10"]

1. b3 d5 2. Bb2 Nf6 3. e3 c5 4. Nf3 Nc6 5. Bb5 a6 6. Bxc6+ bxc6 7. O-O e6 8. d3
Be7 9. Nbd2 O-O 10. Ne5 Qc7 11. f4 Nd7 12. Qg4 f5 13. Qe2 Nxe5 14. Bxe5 Qd8 15.
Kh1 a5 16. a4 Bf6 17. Nf3 Ba6 18. Rg1 Ra7 19. g4 g6 20. Bxf6 Qxf6 21. Ne5 Rc7
22. Rg3 Rd8 23. Qd2 Ra8 24. Qxa5 Rcc8 25. Qxc5 1-0

[Event "Titled Tue 10th Jun Late"]
[Site "chess.com INT"]
[Date "2025.06.10"]
[Round "4"]
[White "Elier, Ali"]
[Black "Szpar, Milosz"]
[Result "0-1"]
[WhiteTitle "CM"]
[BlackTitle "IM"]
[WhiteElo "2142"]
[BlackElo "2495"]
[WhiteFideId "16217543"]
[BlackFideId "1184989"]
[EventDate "2025.06.10"]

1. c4 c6 2. g3 d5 3. Nf3 dxc4 4. a4 g6 5. Na3 Bg7 6. Nxc4 Nf6 7. Bg2 O-O 8. O-O
c5 9. a5 Na6 10. d3 Be6 11. Bd2 Bd5 12. Bc3 b5 13. Ne3 Bb7 14. Qb3 Nc7 15. Be5
a6 16. Rfc1 Ne6 17. Qa3 Rc8 18. Rc2 Qd7 19. Rac1 Rfd8 20. h4 h6 21. b4 Nd4 22.
Nxd4 cxd4 23. Bxd4 Rxc2 24. Rxc2 Bxg2 25. Bxf6 Ba8 26. Bxg7 Qh3 27. f3 Qxg3+ 28.
Ng2 Kxg7 29. Qc3+ e5 30. Qe1 Qh3 31. Rc7 Rd4 32. Qc3 Bd5 33. Re7 Qg3 34. Qe1
Qxe1+ 35. Nxe1 Rxb4 36. Rxe5 Be6 37. Nc2 Ra4 38. Nd4 Rxd4 0-1

[Event "Titled Tue 10th Jun Late"]
[Site "chess.com INT"]
[Date "2025.06.10"]
[Round "4"]
[White "Bongo Akanga Ndjila, Barthelemy"]
[Black "Wiebe, Isaac"]
[Result "1-0"]
[WhiteTitle "CM"]
[WhiteElo "1847"]
[BlackElo "2085"]
[WhiteFideId "10609431"]
[BlackFideId "2623862"]
[EventDate "2025.06.10"]

1. d4 e6 2. Nf3 b6 3. e3 Bb7 4. Bd3 f5 5. O-O Nf6 6. c4 Bd6 7. Nc3 O-O 8. Nb5
Nc6 9. Nxd6 cxd6 10. a3 Ne7 11. b4 Ng6 12. Bb2 Ne4 13. Rc1 Nh4 14. Nxh4 Qxh4 15.
f3 Nf6 16. Qa4 g5 17. d5 exd5 18. Bxf6 Rxf6 19. Qxd7 Rf7 20. Qxd6 g4 21. cxd5
Rg7 22. Qe6+ Kh8 23. Bxf5 gxf3 24. Rxf3 Rag8 25. Qe5 Bxd5 26. Rh3 Qxh3 27. Bxh3 1-0

[Event "Titled Tue 10th Jun Late"]
[Site "chess.com INT"]
[Date "2025.06.10"]
[Round "4"]
[White "Aung Thant Zin"]
[Black "Brezis, Ari"]
[Result "0-1"]
[WhiteTitle "FM"]
[BlackTitle "CM"]
[WhiteElo "2268"]
[BlackElo "2179"]
[WhiteFideId "13000063"]
[BlackFideId "2858541"]
[EventDate "2025.06.10"]

1. e4 e6 2. d4 d5 3. Nc3 Nf6 4. Bg5 Be7 5. Bxf6 Bxf6 6. Nf3 O-O 7. e5 Be7 8. Bd3
c5 9. dxc5 Bxc5 10. Qe2 Nc6 11. a3 a6 12. O-O-O b5 13. h4 h6 14. g4 b4 15. axb4
Nxb4 16. g5 h5 17. g6 Nxd3+ 18. Qxd3 Rb8 19. gxf7+ Rxf7 20. Ng5 Rf5 21. Qe2 Rxg5
22. hxg5 Qxg5+ 23. Kb1 g6 24. Rhg1 Qf5 25. Rg2 Ba3 26. b3 Rxb3+ 27. Ka2 Rxc3 28.
f4 Bd7 29. Rdg1 Be8 30. Rg3 Rxc2+ 0-1